000 00740nam a22002417a 4500
003 DO-SdBNP
005 20240530073925.0
007 ta
008 210909b2018 dr ||||| |||| 00| f spa d
020 _a9789945609479
040 _aDO-SdBNP
_bspa
_cBNPHU
082 4 _aRD863.5
_bG463L
_222
100 1 _aGil, Esthela,
_d1988-
_979805
245 1 0 _aEl laberinto de tu boca /
_cEsthela Gil.
260 _aSanto Domingo :
_bSantuario,
_c2018.
300 _a68 p. ;
_c23 cm.
500 _aIncluye datos biográficos de la autora en la solapa de la cubierta.
590 _aInventariado, 2021 /LP
650 0 _aNovela dominicana
_9223
650 4 _aLiteratura dominicana
910 _aValidado. Control de calidad MFF
942 _2ddc
_cLBS1
999 _c50458
_d50458